=LDR 00000nam 2200000 4500 =001 INLIS000000000016281 =005 20251219103656 =035 ##$$a 0010-061300000016281 =008 251219###########################0#ind## =041 ##$$a Ind =082 ##$$a 595.799 =090 ##$$a 595.799, Oga t =100 ##$$a Ogawa, Hiroshi =245 1#$$a Tawon pot, /$c Hiroshi Ogawa ; alih bahasa, Setiadi Handoko =250 ##$$a seri misteri alam =260 ##$$a Jakarta :$b Elex Media Komputindo,$c 1996 =300 ##$$a 32 hlm. : $b ilus ; $c 23 cm =650 #4$$a Tawon pot =700 #$$a Handoko, Setiadi =850 ##$$a NBPNMAT =084 ##$$a 595.799 OGA t =990 ##$$a 129.330/pro98 =990 ##$$a 00037767